[Event "FICGS W-ch st1 g06 email"]
[Site "FICGS email"]
[Date "2014.11.01"]
[Round "1"]
[White "Bromo, Alexis"]
[Black "Suhardjo, Johanes"]
[Result "0-1"]
[WhiteElo "1046"]
[BlackElo "1843"]
[PlyCount "44"]
[EventDate "2014.??.??"]
[EventType "tourn (corr)"]
[EventRounds "8"]
[SourceTitle "Corr 2022"]
[Source "ChessBase"]
[SourceDate "2021.10.24"]
[SourceVersion "1"]
[SourceVersionDate "2021.10.24"]
[SourceQuality "1"]

1. d4 Nf6 2. c4 e6 3. a3 d5 4. Nc3 c5 5. e3 Nc6 6. cxd5 exd5 7. h3 cxd4 8. exd4 Bd6 9. Nf3 0-0 10. Bg5 Bf5 11. Bxf6 Qxf6 12. Nxd5 Qg6 13. Be2 Qxg2 14. Rg1 Qxh3 15. Bd3 Rfe8+ 16. Ne3 Bxd3 17. Qxd3 Qxf3 18. Rd1 Re4 19. d5 Nd4 20. Qxd4 Rxd4 21. Rxd4 Re8 22. Rd3 Bf4 0-1

[Event "FICGS W-ch st1 g06 email"]
[Site "FICGS email"]
[Date "2014.11.01"]
[Round "1"]
[White "Suhardjo, Johanes"]
[Black "Simashkevitch, Mykola"]
[Result "0-1"]
[WhiteElo "1843"]
[BlackElo "2136"]
[PlyCount "86"]
[EventDate "2014.??.??"]
[EventType "tourn (corr)"]
[EventRounds "8"]
[SourceTitle "Corr 2022"]
[Source "ChessBase"]
[SourceDate "2021.10.24"]
[SourceVersion "1"]
[SourceVersionDate "2021.10.24"]
[SourceQuality "1"]

1. d4 d5 2. Nf3 Nf6 3. c4 c6 4. Qb3 dxc4 5. Qxc4 Bf5 6. g3 e6 7. Bg2 Nbd7 8. Nc3 Be7 9. 0-0 0-0 10. e3 b5 11. Qxc6 b4 12. Ne2 Bd3 13. Re1 Rc8 14. Qa4 Qb6 15. Nd2 Rfd8 16. Nf4 Bc2 17. Nb3 g5 18. Ne2 Bd3 19. Qa5 h6 20. h4 gxh4 21. gxh4 Qb8 22. Nf4 Be4 23. f3 Bc2 24. Bd2 e5 25. Ne2 Kh8 26. Rac1 Rg8 27. Rf1 e4 28. Nf4 exf3 29. Rxf3 Be4 30. Rxc8 Qxc8 31. Rf2 Qb7 32. Nc5 Nxc5 33. Qxb4 Ne6 34. Qxb7 Bxb7 35. Nxe6 fxe6 36. Be1 Bd5 37. Re2 Bxa2 38. Kh1 Nd5 39. Be4 Bb3 40. Bf2 Bb4 41. Bg1 Rg4 42. Bf3 Rxh4+ 43. Rh2 Rxh2+ 0-1

[Event "FICGS W-ch st1 g01 email"]
[Site "FICGS email"]
[Date "2013.07.02"]
[Round "1"]
[White "Suhardjo, Johanes"]
[Black "Leperlier, Gabriel"]
[Result "1/2-1/2"]
[WhiteElo "1814"]
[BlackElo "2156"]
[PlyCount "58"]
[EventDate "2013.??.??"]
[EventType "tourn (corr)"]
[EventRounds "8"]
[SourceTitle "Corr 2022"]
[Source "ChessBase"]
[SourceDate "2021.10.24"]
[SourceVersion "1"]
[SourceVersionDate "2021.10.24"]
[SourceQuality "1"]

1. c4 e5 2. Nc3 Nf6 3. Nf3 Nc6 4. g3 d5 5. cxd5 Nxd5 6. Bg2 Nb6 7. 0-0 Be7 8. a3 0-0 9. b4 Be6 10. Rb1 f6 11. d3 a5 12. b5 Nd4 13. Nd2 Qc8 14. e3 Nf5 15. Qc2 Rd8 16. a4 Bb4 17. Na2 Bf8 18. Nc3 Nh6 19. Nf3 Bb4 20. Na2 c6 21. bxc6 Qxc6 22. Qxc6 bxc6 23. Nxb4 axb4 24. Rxb4 Nxa4 25. d4 c5 26. dxc5 Nxc5 27. e4 Nd3 28. Rb6 Nxc1 29. Rxc1 Bf7 1/2-1/2

[Event "FICGS rapid B 000207 email"]
[Site "FICGS email"]
[Date "2013.06.07"]
[Round "1"]
[White "Ropokis, Dimitrios"]
[Black "Suhardjo, Johanes"]
[Result "0-1"]
[WhiteElo "1795"]
[BlackElo "1845"]
[PlyCount "22"]
[EventDate "2013.??.??"]
[EventType "tourn (rapid)"]
[EventRounds "6"]
[SourceTitle "Corr 2022"]
[Source "ChessBase"]
[SourceDate "2021.10.24"]
[SourceVersion "1"]
[SourceVersionDate "2021.10.24"]
[SourceQuality "1"]

1. e4 e5 2. f4 exf4 3. Nf3 g5 4. Bc4 g4 5. 0-0 gxf3 6. Qxf3 Qf6 7. e5 Qxe5 8. d3 Bh6 9. Bd2 Ne7 10. Nc3 Nbc6 11. Rae1 Qc5+ 0-1

[Event "FICGS rapid B 000207 email"]
[Site "FICGS email"]
[Date "2013.06.07"]
[Round "1"]
[White "Sternik, Ryszard"]
[Black "Suhardjo, Johanes"]
[Result "1/2-1/2"]
[WhiteElo "1779"]
[BlackElo "1845"]
[PlyCount "64"]
[EventDate "2013.??.??"]
[EventType "tourn (rapid)"]
[EventRounds "6"]
[SourceTitle "Corr 2022"]
[Source "ChessBase"]
[SourceDate "2021.10.24"]
[SourceVersion "1"]
[SourceVersionDate "2021.10.24"]
[SourceQuality "1"]

1. e4 c6 2. d4 d5 3. e5 c5 4. dxc5 e6 5. Be3 Nd7 6. Nc3 Nxe5 7. Nf3 Nc6 8. Bb5 Bd7 9. 0-0 Be7 10. Bxc6 Bxc6 11. Bd4 Nf6 12. Qd3 0-0 13. b4 Ne4 14. Rfe1 Bf6 15. Ne5 Nxc3 16. Bxc3 Qe8 17. Bd4 Bb5 18. Qg3 a5 19. a3 axb4 20. axb4 Qe7 21. c3 Rfc8 22. Ng4 Bxd4 23. cxd4 Qd8 24. h4 h5 25. Ne5 Rxa1 26. Rxa1 Ra8 27. Rxa8 Qxa8 28. Nf3 f6 29. Qc7 Qa6 30. Kh2 Bd3 31. Ng1 Bf5 32. f3 Kh7 1/2-1/2

[Event "FICGS rapid B 000207 email"]
[Site "FICGS email"]
[Date "2013.06.07"]
[Round "1"]
[White "Suhardjo, Johanes"]
[Black "Knighton, Robert"]
[Result "1/2-1/2"]
[WhiteElo "1845"]
[BlackElo "1796"]
[PlyCount "68"]
[EventDate "2013.??.??"]
[EventType "tourn (rapid)"]
[EventRounds "6"]
[SourceTitle "Corr 2022"]
[Source "ChessBase"]
[SourceDate "2021.10.24"]
[SourceVersion "1"]
[SourceVersionDate "2021.10.24"]
[SourceQuality "1"]

1. e4 c5 2. Nf3 g6 3. d4 cxd4 4. Nxd4 Bg7 5. c4 Nc6 6. Be3 Nf6 7. Nc3 Ng4 8. Qxg4 Nxd4 9. Qd1 Ne6 10. Rc1 b6 11. Qd5 Rb8 12. Be2 Bb7 13. Qd2 0-0 14. 0-0 a5 15. Bg4 Nc5 16. f3 e6 17. Bh3 Be5 18. Bh6 Re8 19. g3 Bc6 20. Bg2 Rc8 21. f4 Bxc3 22. Qxc3 f6 23. Rce1 b5 24. f5 exf5 25. exf5 Bxg2 26. Kxg2 Rxe1 27. Rxe1 bxc4 28. fxg6 d5 29. g7 Nd3 30. Rf1 d4 31. Qa3 Rc5 32. Rf5 Qe7 33. g4 Qe6 34. Kh3 Qc6 1/2-1/2

[Event "FICGS W-ch st1 g03 email"]
[Site "FICGS email"]
[Date "2012.11.01"]
[Round "1"]
[White "Shapland, Roy"]
[Black "Suhardjo, Johanes"]
[Result "1-0"]
[WhiteElo "2010"]
[BlackElo "1934"]
[PlyCount "65"]
[EventDate "2012.??.??"]
[EventType "tourn (corr)"]
[EventRounds "8"]
[SourceTitle "Corr 2022"]
[Source "ChessBase"]
[SourceDate "2021.10.24"]
[SourceVersion "1"]
[SourceVersionDate "2021.10.24"]
[SourceQuality "1"]

1. d4 d5 2. c4 e6 3. Nf3 Nf6 4. g3 dxc4 5. Bg2 Nc6 6. Qa4 Bb4+ 7. Bd2 Bd6 8. Na3 0-0 9. Nxc4 Ne4 10. Be3 Bb4+ 11. Kf1 f6 12. Qc2 Nd6 13. h4 Bd7 14. h5 Nf5 15. Rd1 Nxe3+ 16. Nxe3 Bd6 17. Nh4 f5 18. f4 Qe8 19. Kf2 Rb8 20. Qc3 Ne7 21. h6 gxh6 22. Nf3 Qg6 23. Ne5 Bxe5 24. dxe5 Bc6 25. Bxc6 Nxc6 26. Rh4 Rf7 27. Rdh1 Rg7 28. g4 h5 29. Rxh5 fxg4 30. f5 exf5 31. Rh6 g3+ 32. Kg2 Qg5 33. Nd5 1-0

[Event "FICGS W-ch st1 g20 email"]
[Site "FICGS email"]
[Date "2012.01.01"]
[Round "1"]
[White "Suhardjo, Johanes"]
[Black "Moore, Kieran"]
[Result "0-1"]
[WhiteElo "1914"]
[BlackElo "1900"]
[PlyCount "92"]
[EventDate "2012.??.??"]
[EventType "tourn (corr)"]
[EventRounds "8"]
[SourceTitle "Corr 2022"]
[Source "ChessBase"]
[SourceDate "2021.10.24"]
[SourceVersion "1"]
[SourceVersionDate "2021.10.24"]
[SourceQuality "1"]

1. e4 c5 2. Nf3 e6 3. d4 cxd4 4. Nxd4 a6 5. f4 Nc6 6. Nxc6 bxc6 7. Bd3 d5 8. 0-0 Nf6 9. e5 Nd7 10. c3 Qb6+ 11. Kh1 a5 12. b3 Ba6 13. Bxa6 Qxa6 14. f5 exf5 15. c4 g6 16. cxd5 Nxe5 17. dxc6 Qxc6 18. Bb2 Bg7 19. Ba3 Qd7 20. Qc1 Rc8 21. Qe1 f6 22. Nc3 Qb7 23. Rd1 Kf7 24. Rf2 Rhe8 25. Re2 h5 26. Na4 Bh6 27. h3 Red8 28. Bd6 Bf4 29. Qf1 Qb5 30. Ba3 Rxd1 31. Qxd1 Kg7 32. Re1 Bg3 33. Qe2 Qc6 34. Rd1 Qe4 35. Qxe4 fxe4 36. Rc1 Re8 37. Nc3 Nd3 38. Rb1 f5 39. Ne2 Be5 40. b4 axb4 41. Bxb4 Rc8 42. Ba3 Rc2 43. Nc1 Kf6 44. Rb6+ Kg5 45. Rb1 Kf4 46. Nxd3+ exd3 0-1

[Event "FICGS W-ch st1 g06 email"]
[Site "FICGS email"]
[Date "2011.04.01"]
[Round "1"]
[White "Suhardjo, Johanes"]
[Black "Colarina, Floram"]
[Result "1-0"]
[WhiteElo "1730"]
[BlackElo "1625"]
[PlyCount "63"]
[EventDate "2011.??.??"]
[EventType "tourn (corr)"]
[EventRounds "8"]
[SourceTitle "Corr 2013"]
[Source "ChessBase"]
[SourceDate "2012.11.12"]
[SourceVersion "1"]
[SourceVersionDate "2012.11.12"]
[SourceQuality "1"]

1. d4 e6 2. c4 Bb4+ 3. Bd2 Bxd2+ 4. Qxd2 Nf6 5. Nc3 0-0 6. Nf3 d5 7. e3 b6 8. Bd3 Ba6 9. cxd5 Bxd3 10. Qxd3 Nxd5 11. 0-0 Nd7 12. Rac1 c5 13. Nxd5 exd5 14. Qf5 cxd4 15. Nxd4 Nc5 16. Nc6 Qd6 17. Qxd5 Qxd5 18. Ne7+ Kh8 19. Nxd5 h6 20. Rfd1 Rad8 21. b4 Ne6 22. f3 Rc8 23. Ne7 Rxc1 24. Rxc1 Re8 25. Rc8 Rxc8 26. Nxc8 a5 27. Nxb6 axb4 28. Nd5 b3 29. axb3 Kg8 30. Kf2 Kf8 31. b4 Ke8 32. e4 1-0

[Event "FICGS W-ch st1 g06 email"]
[Site "FICGS email"]
[Date "2011.04.01"]
[Round "1"]
[White "Suhardjo, Johanes"]
[Black "Migliorini, Roberto"]
[Result "1/2-1/2"]
[WhiteElo "1730"]
[BlackElo "1877"]
[PlyCount "50"]
[EventDate "2011.??.??"]
[EventType "tourn (corr)"]
[EventRounds "8"]
[SourceTitle "Corr 2013"]
[Source "ChessBase"]
[SourceDate "2012.11.12"]
[SourceVersion "1"]
[SourceVersionDate "2012.11.12"]
[SourceQuality "1"]

1. e4 e6 2. d4 d5 3. Nc3 Bb4 4. e5 c5 5. a3 Bxc3+ 6. bxc3 Ne7 7. Qg4 0-0 8. Bd3 Nbc6 9. Qh5 Ng6 10. Nf3 Qc7 11. Be3 c4 12. Bxg6 fxg6 13. Qg4 Bd7 14. h4 Rf5 15. h5 gxh5 16. Rxh5 Raf8 17. Ng5 Qa5 18. Bd2 Rf4 19. Qh3 h6 20. Bxf4 Rxf4 21. Kf1 Rf5 22. Nxe6 Rf7 23. Qg3 Bxe6 24. Rxh6 Bf5 25. Rh1 Rf8 1/2-1/2

[Event "FICGS class C 000165 email"]
[Site "FICGS email"]
[Date "2010.12.22"]
[Round "1"]
[White "Krakovsky, Peter"]
[Black "Suhardjo, Johanes"]
[Result "0-1"]
[WhiteElo "1654"]
[BlackElo "1738"]
[PlyCount "34"]
[EventDate "2010.??.??"]
[EventType "tourn (corr)"]
[EventRounds "6"]
[SourceTitle "Corr 2013"]
[Source "ChessBase"]
[SourceDate "2012.11.12"]
[SourceVersion "1"]
[SourceVersionDate "2012.11.12"]
[SourceQuality "1"]

1. e4 e5 2. Nf3 Nc6 3. Bb5 Nd4 4. Nxd4 exd4 5. 0-0 Bc5 6. d3 c6 7. Ba4 d6 8. f4 f5 9. Nd2 Nf6 10. Bb3 Ng4 11. exf5 Bxf5 12. Re1+ Kd7 13. Nf3 Qf6 14. h3 h5 15. a4 Nh6 16. Bd2 Rae8 17. Ba2 Rxe1+ 0-1

[Event "FICGS W-ch st1 g09 email"]
[Site "FICGS email"]
[Date "2010.07.02"]
[Round "1"]
[White "Chhawchharia, Gaurav"]
[Black "Suhardjo, Johanes"]
[Result "0-1"]
[WhiteElo "1255"]
[BlackElo "1729"]
[PlyCount "56"]
[EventDate "2010.??.??"]
[EventType "tourn (corr)"]
[EventRounds "6"]
[SourceTitle "Corr 2013"]
[Source "ChessBase"]
[SourceDate "2012.11.12"]
[SourceVersion "1"]
[SourceVersionDate "2012.11.12"]
[SourceQuality "1"]

1. e4 e5 2. d3 d5 3. Nf3 Nc6 4. exd5 Qxd5 5. Nc3 Qd8 6. Be3 Bg4 7. Be2 Nf6 8. Bg5 h6 9. Bxf6 Qxf6 10. Nd5 Qd6 11. c4 Be6 12. Ne3 g5 13. 0-0 0-0-0 14. a3 g4 15. Nd2 f5 16. Rc1 e4 17. c5 Qd7 18. dxe4 Qxd2 19. exf5 Bf7 20. Qxd2 Rxd2 21. Bxg4 h5 22. Bh3 Rxb2 23. Rfd1 Bh6 24. f6+ Kb8 25. g3 Bg5 26. Bg2 Bxf6 27. Bxc6 bxc6 28. Rc2 Rxc2 0-1

[Event "FICGS class C 000141 email"]
[Site "FICGS email"]
[Date "2010.03.26"]
[Round "1"]
[White "Guisado, Francisco"]
[Black "Suhardjo, Johanes"]
[Result "0-1"]
[WhiteElo "1617"]
[BlackElo "1665"]
[PlyCount "44"]
[EventDate "2010.??.??"]
[EventType "tourn (corr)"]
[EventRounds "6"]
[SourceTitle "Corr 2013"]
[Source "ChessBase"]
[SourceDate "2012.11.12"]
[SourceVersion "1"]
[SourceVersionDate "2012.11.12"]
[SourceQuality "1"]

1. d4 Nf6 2. c4 e6 3. Nf3 b6 4. g3 Ba6 5. b3 b5 6. cxb5 Bxb5 7. Bg2 d5 8. 0-0 Nbd7 9. Nc3 Ba6 10. Bg5 Bd6 11. Na4 0-0 12. Rc1 h6 13. Bd2 Qe7 14. Re1 c5 15. Nxc5 Nxc5 16. dxc5 Bxc5 17. Ne5 Rac8 18. Bc3 Ba3 19. Rc2 Qc5 20. Qa1 d4 21. Bb4 Qxb4 22. Nc6 Qd6 0-1